| 000 | 00625nam a22002057a 4500 | ||
|---|---|---|---|
| 999 |
_c2709 _d2709 |
||
| 005 | 20181017222317.0 | ||
| 008 | 181017b ||||| |||| 00| 0 eng d | ||
| 020 | _a8174750290 | ||
| 040 | _cDLC | ||
| 082 |
_a261.24 _bD2611P |
||
| 100 | _aDavis, John R | ||
| 245 |
_aPoles Apart; _bContextualizing The Gospel in Asia _cJohn R. Davis |
||
| 260 |
_aBangalore _bTheological Book Trust _c1998 |
||
| 300 | _aix, 285p,; | ||
| 500 | _aincludes bibliography [273-285] | ||
| 650 |
_aMissions _xReligion _zThailand |
||
| 650 |
_aInterfaith relations _xChristianity |
||
| 650 |
_aChristianity and culture _xBuddhism |
||
| 942 |
_2ddc _cBK |
||